[Event "Novosibirsk Sukharev Memorial Seniors"]
[Site "Novosibirsk"]
[Date "2012.07.26"]
[Round "9"]
[White "Shilenko, Vladimir"]
[Black "Pisarsky, Georgy"]
[Result "0-1"]
[WhiteElo "2129"]
[BlackElo "2074"]
[PlyCount "108"]
[EventDate "2012.07.18"]
[EventType "swiss"]
[EventRounds "9"]
[EventCountry "RUS"]
[SourceTitle "EXT 2014"]
[Source "ChessBase"]
[SourceDate "2013.11.20"]
[SourceVersion "1"]
[SourceVersionDate "2013.11.20"]
[SourceQuality "1"]

1. e4 e5 2. Nf3 Nc6 3. Bc4 Bc5 4. d3 Nge7 5. Bg5 h6 6. Bh4 d6 7. a3 a6 8. Nc3 0-0 9. Nd5 Kh8 10. Qd2 f6 11. Ne3 b5 12. Ba2 Nd4 13. Nxd4 exd4 14. Nd5 Ng6 15. Bg3 c6 16. Nf4 Nxf4 17. Qxf4 a5 18. 0-0 Ra7 19. Qh4 Qe8 20. f4 f5 21. Rae1 Qg6 22. e5 d5 23. Bf2 Rb7 24. Qh3 b4 25. a4 Be6 26. Kh1 Kh7 27. Re2 h5 28. Qf3 Qg4 29. h3 Qxf3 30. gxf3 Ba7 31. Rc1 c5 32. Rd1 Kh6 33. Kh2 Rfb8 34. Bg1 Rd7 35. Red2 Bb6 36. Rg2 Bd8 37. Bf2 g5 38. fxg5+ Bxg5 39. Rdg1 Rg7 40. Be1 Bf4+ 41. Kh1 Rbg8 42. Rxg7 Rxg7 43. Rf1 c4 44. Bf2 Be3 45. Bh4 b3 46. cxb3 c3 47. Bb1 cxb2 48. Be1 f4 49. Kh2 Rc7 50. Bxa5 Rc1 51. Re1 Bf2 52. Re2 Bg3+ 53. Kg2 Rxb1 54. h4 Bh3+ 0-1

[Event "Novosibirsk Sukharev Memorial Seniors"]
[Site "Novosibirsk"]
[Date "2012.07.23"]
[Round "6"]
[White "Pisarsky, Georgy"]
[Black "Zubarev, Alexsander M"]
[Result "0-1"]
[WhiteElo "2074"]
[BlackElo "1944"]
[PlyCount "92"]
[EventDate "2012.07.18"]
[EventType "swiss"]
[EventRounds "9"]
[EventCountry "RUS"]
[SourceTitle "EXT 2014"]
[Source "ChessBase"]
[SourceDate "2013.11.20"]
[SourceVersion "1"]
[SourceVersionDate "2013.11.20"]
[SourceQuality "1"]

1. e4 c5 2. Nf3 d6 3. d4 cxd4 4. Nxd4 Nf6 5. Nc3 a6 6. a4 e5 7. Nf3 Be7 8. Bd3 Nbd7 9. b4 a5 10. b5 Nc5 11. 0-0 Qc7 12. Bb2 0-0 13. Qe2 h6 14. h3 Be6 15. Nd2 Rac8 16. Nd1 Nfd7 17. Ne3 Nb6 18. Rfb1 Nbxa4 19. b6 Qd8 20. Nd5 Bxd5 21. exd5 Nxb6 22. Bf5 Nbd7 23. Ra3 Rb8 24. c4 Bf6 25. Bc2 g6 26. Rg3 Bg7 27. Bc1 Nf6 28. Rb5 Nh5 29. Ra3 Nf4 30. Qf3 b6 31. Kh2 Qd7 32. Nb3 Na6 33. g3 Qxh3+ 34. Kg1 Nc7 35. Be4 Nxb5 36. cxb5 Nh5 37. Nd2 Rfc8 38. Rc3 f5 39. Bb1 e4 40. Rxc8+ Rxc8 41. Qa3 Bd4 42. Nf1 Bc5 43. Qb2 Nxg3 44. Nh2 Bxf2+ 45. Kxf2 Qxh2+ 46. Ke3 Nf1+ 0-1

[Event "Novosibirsk Sukharev Memorial Seniors"]
[Site "Novosibirsk"]
[Date "2012.07.21"]
[Round "4"]
[White "Ezhov, Victor"]
[Black "Pisarsky, Georgy"]
[Result "1-0"]
[WhiteElo "1973"]
[BlackElo "2074"]
[PlyCount "71"]
[EventDate "2012.07.18"]
[EventType "swiss"]
[EventRounds "9"]
[EventCountry "RUS"]
[SourceTitle "EXT 2014"]
[Source "ChessBase"]
[SourceDate "2013.11.20"]
[SourceVersion "1"]
[SourceVersionDate "2013.11.20"]
[SourceQuality "1"]

1. d4 e6 2. Nf3 f5 3. g3 c6 4. c4 d5 5. Nbd2 Nf6 6. Bg2 Bb4 7. cxd5 exd5 8. 0-0 0-0 9. Ne5 Nbd7 10. Nxd7 Bxd7 11. Nf3 Bd6 12. Qb3 Qb6 13. Qd1 Rae8 14. a3 a5 15. b3 Ne4 16. Bb2 Qb5 17. Ne5 Bxe5 18. dxe5 Nc5 19. b4 Ne6 20. a4 Qb6 21. Ba3 axb4 22. Rb1 c5 23. Bxd5 Qa6 24. Bb3 Rf7 25. Bxe6 Rxe6 26. Bb2 Qxa4 27. Qd5 Qc6 28. Qd2 b6 29. Ra1 Bc8 30. Rfd1 Bb7 31. f3 Rg6 32. Qf4 Rg4 33. Rd8+ Rf8 34. Rxf8+ Kxf8 35. Qxf5+ Kg8 36. Qxg4 1-0

[Event "Novosibirsk Sukharev Memorial Seniors"]
[Site "Novosibirsk"]
[Date "2012.??.??"]
[Round "8"]
[White "Pisarsky, Georgy"]
[Black "Migunov, Vladislav"]
[Result "1/2-1/2"]
[WhiteElo "2074"]
[BlackElo "1769"]
[PlyCount "107"]
[EventDate "2012.07.18"]
[EventType "swiss"]
[EventRounds "9"]
[EventCountry "RUS"]
[SourceTitle "EXT 2014"]
[Source "ChessBase"]
[SourceDate "2013.11.20"]
[SourceVersion "1"]
[SourceVersionDate "2013.11.20"]
[SourceQuality "1"]

1. b4 e5 2. Bb2 Bxb4 3. Bxe5 f6 4. Bb2 d5 5. e3 Bf5 6. c4 Ne7 7. cxd5 Qxd5 8. Nc3 Qd7 9. Qb3 Nbc6 10. Bc4 a5 11. a3 a4 12. Qa2 Bc5 13. Nge2 Ne5 14. d4 Nxc4 15. Qxc4 Bd6 16. e4 Be6 17. d5 Bf7 18. 0-0 0-0 19. f4 c6 20. Rad1 cxd5 21. Qb5 Qxb5 22. Nxb5 Bc5+ 23. Bd4 Bxd4+ 24. Rxd4 Nc6 25. Rxd5 Bxd5 26. exd5 Na5 27. f5 Nc4 28. Rf4 Ne5 29. Rd4 Rfd8 30. Nf4 Kf7 31. Ne6 Rd7 32. Nc5 Ra5 33. Nxd7 Rxb5 34. Nxe5+ fxe5 35. Rxa4 Ke7 36. Rb4 Rxb4 37. axb4 Kd6 38. g4 Kxd5 39. g5 e4 40. g6 hxg6 41. fxg6 Ke5 42. Kf2 Kf4 43. h3 e3+ 44. Ke2 Ke4 45. b5 b6 46. h4 Kf4 47. h5 Kg5 48. Kxe3 Kxh5 49. Ke4 Kxg6 50. Kd5 Kf6 51. Kc6 g5 52. Kxb6 g4 53. Kc7 g3 54. b6 1/2-1/2

[Event "Novosibirsk Sukharev Memorial Seniors"]
[Site "Novosibirsk"]
[Date "2011.07.25"]
[Round "8"]
[White "Shilenko, Vladimir"]
[Black "Pisarsky, Georgy"]
[Result "1/2-1/2"]
[WhiteElo "2124"]
[BlackElo "2048"]
[PlyCount "133"]
[EventDate "2011.07.18"]
[EventType "swiss"]
[EventRounds "9"]
[EventCountry "RUS"]
[SourceTitle "EXT 2014"]
[Source "ChessBase"]
[SourceDate "2013.11.20"]
[SourceVersion "1"]
[SourceVersionDate "2013.11.20"]
[SourceQuality "1"]

1. e4 e6 2. Qe2 c5 3. c3 Nc6 4. f4 Be7 5. d3 Nf6 6. g3 d5 7. Bg2 b5 8. e5 Nd7 9. Nh3 h6 10. 0-0 Qb6 11. Qg4 g6 12. Be3 a5 13. a3 Bb7 14. Nd2 0-0-0 15. Rfb1 g5 16. Qh5 f6 17. exf6 Nxf6 18. Qf7 Kb8 19. fxg5 Ng4 20. Qxe6 Nxe3 21. Qxe3 Rde8 22. Qf4+ Ka8 23. Bxd5 Rhf8 24. Qg4 h5 25. Qh4 c4+ 26. d4 Rd8 27. Bg2 Ka7 28. Ne4 Ne5 29. Qxh5 Rxd4 30. cxd4 Qxd4+ 31. Nef2 Bxg2 32. Rd1 Nd3 33. Rxd3 cxd3 34. Kxg2 Bc5 35. Qh7+ Kb8 36. Qxd3 Rxf2+ 37. Nxf2 Qxf2+ 38. Kh3 Qxb2 39. Rb1 Qh8+ 40. Kg2 Kc7 41. Qxb5 Qa8+ 42. Kh3 Qh8+ 43. Kg2 Qa8+ 44. Kh3 Qh8+ 45. Kg4 Qd4+ 46. Kf5 Qd5+ 47. Kf4 Qd4+ 48. Kf3 Qe3+ 49. Kg2 Qf2+ 50. Kh3 Qf5+ 51. g4 Qf3+ 52. Kh4 Qf2+ 53. Kh5 Qxh2+ 54. Kg6 Qd6+ 55. Kh7 Qe7+ 56. Kh6 Qf8+ 57. Kg6 Qd6+ 58. Kh7 Qe7+ 59. Kh6 Qf8+ 60. Kh5 Qh8+ 61. Kg6 Qg8+ 62. Kf6 Qd8+ 63. Kf7 Qd7+ 64. Kg6 Qd6+ 65. Kf5 Qd5+ 66. Kf4 Qd4+ 67. Kf3 1/2-1/2

[Event "Novosibirsk Sukharev Memorial Seniors"]
[Site "Novosibirsk"]
[Date "2011.07.23"]
[Round "6"]
[White "Nebylitsin, Nikolai"]
[Black "Pisarsky, Georgy"]
[Result "1-0"]
[WhiteElo "2195"]
[BlackElo "2048"]
[PlyCount "148"]
[EventDate "2011.07.18"]
[EventType "swiss"]
[EventRounds "9"]
[EventCountry "RUS"]
[SourceTitle "EXT 2014"]
[Source "ChessBase"]
[SourceDate "2013.11.20"]
[SourceVersion "1"]
[SourceVersionDate "2013.11.20"]
[SourceQuality "1"]

1. e4 e6 2. d3 d5 3. Nc3 d4 4. Nce2 c5 5. f4 Nc6 6. Nf3 Nf6 7. h3 h5 8. g3 Qc7 9. Bg2 e5 10. fxe5 Nxe5 11. Nxe5 Qxe5 12. Bf4 Qe6 13. 0-0 Be7 14. Qd2 Nd7 15. c3 Ne5 16. cxd4 cxd4 17. Qa5 Nc6 18. Qd2 f6 19. h4 Rg8 20. Qd1 g5 21. hxg5 fxg5 22. Bd2 Qe5 23. Qb3 Rg7 24. Bf3 h4 25. gxh4 g4 26. Bg2 Bxh4 27. Bh6 Bg5 28. Bxg5 Qxg5 29. Rf4 Bd7 30. Qxb7 Rb8 31. Qc7 Qe5 32. Qxe5+ Nxe5 33. b3 Nxd3 34. Rf6 Ke7 35. Ra6 Ne5 36. Nxd4 Rf8 37. Rd1 Nf3+ 38. Nxf3 gxf3 39. Rxd7+ Kxd7 40. Rxa7+ Kd6 41. Rxg7 fxg2 42. Kxg2 Ke5 43. Rb7 Kxe4 44. a4 Kd5 45. Rb6 Ra8 46. Kf3 Kc5 47. Rb5+ Kc6 48. Ke4 Rd8 49. Ke3 Rd7 50. Rb4 Kc5 51. Rb8 Kc6 52. a5 Kc7 53. Rb6 Rd5 54. b4 Rd8 55. Ke4 Rd1 56. b5 Ra1 57. Rc6+ Kb8 58. a6 Ka7 59. Kd5 Rd1+ 60. Kc5 Rc1+ 61. Kd6 Rb1 62. Rc7+ Ka8 63. Rh7 Rd1+ 64. Kc6 Rc1+ 65. Kb6 Rc8 66. Ka5 Rg8 67. b6 Rg5+ 68. Kb4 Rg4+ 69. Kc5 Rg5+ 70. Kd4 Rg4+ 71. Ke5 Rg5+ 72. Kf6 Rg8 73. Kf7 Rd8 74. Ke7 Rg8 1-0

[Event "Novosibirsk Sukharev Memorial Seniors"]
[Site "Novosibirsk"]
[Date "2011.07.20"]
[Round "3"]
[White "Pisarsky, Georgy"]
[Black "Popova, Adelanda"]
[Result "1-0"]
[WhiteElo "2048"]
[BlackElo "1626"]
[PlyCount "65"]
[EventDate "2011.07.18"]
[EventType "swiss"]
[EventRounds "9"]
[EventCountry "RUS"]
[SourceTitle "EXT 2014"]
[Source "ChessBase"]
[SourceDate "2013.11.20"]
[SourceVersion "1"]
[SourceVersionDate "2013.11.20"]
[SourceQuality "1"]

1. b4 e5 2. Bb2 d6 3. c4 Be6 4. e3 Nd7 5. a4 a6 6. Nc3 Ngf6 7. Nf3 h6 8. Be2 g5 9. d4 e4 10. Nd2 Bf5 11. Qc2 Qe7 12. a5 Bg7 13. g4 Bh7 14. Qa4 0-0 15. b5 Rab8 16. Ba3 Qe6 17. Rg1 Rfc8 18. Nb3 Kh8 19. h3 Nf8 20. bxa6 bxa6 21. Rb1 Qe8 22. Qxe8 Rxe8 23. c5 dxc5 24. Nxc5 Rxb1+ 25. Nxb1 Rb8 26. Nc3 c6 27. Kd2 N8d7 28. Rb1 Rxb1 29. Nxb1 Nb8 30. Nxa6 Nxa6 31. Bxa6 Nd7 32. Bc8 Nf8 33. a6 1-0

[Event "Novosibirsk Sukharev Memorial Seniors"]
[Site "Novosibirsk"]
[Date "2010.07.22"]
[Round "5"]
[White "Pisarsky, Georgy"]
[Black "Nebylitsin, Nikolai"]
[Result "0-1"]
[WhiteElo "2045"]
[BlackElo "2182"]
[PlyCount "60"]
[EventDate "2010.07.18"]
[EventType "swiss"]
[EventRounds "9"]
[EventCountry "RUS"]
[SourceTitle "EXT 2011"]
[Source "ChessBase"]
[SourceDate "2010.11.26"]
[SourceVersion "1"]
[SourceVersionDate "2010.11.26"]
[SourceQuality "1"]

1. e4 c5 2. Nf3 d6 3. g3 Nc6 4. Bg2 g6 5. 0-0 Bg7 6. c3 e5 7. d3 Nge7 8. Bg5 Be6 9. Qd2 h6 10. Be3 f5 11. Nh4 f4 12. gxf4 exf4 13. Bxf4 g5 14. Nf5 Bxf5 15. exf5 gxf4 16. Qxf4 0-0 17. Bh3 Kh8 18. Nd2 Nxf5 19. Ne4 Be5 20. Qd2 Qh4 21. f4 Qxh3 22. fxe5 Nxe5 23. Qe2 Ne3 24. Rxf8+ Rxf8 25. Ng3 N5g4 26. Re1 h5 27. b4 h4 28. Ne4 Rf2 29. Qxf2 Nxf2 30. Nxf2 Qg2# 0-1

[Event "Novosibirsk Sukharev Memorial Seniors"]
[Site "Novosibirsk"]
[Date "2010.07.19"]
[Round "2"]
[White "Pisarsky, Georgy"]
[Black "Boryak, Alexey"]
[Result "1-0"]
[WhiteElo "2045"]
[BlackElo "1964"]
[PlyCount "35"]
[EventDate "2010.07.18"]
[EventType "swiss"]
[EventRounds "9"]
[EventCountry "RUS"]
[SourceTitle "EXT 2011"]
[Source "ChessBase"]
[SourceDate "2010.11.26"]
[SourceVersion "1"]
[SourceVersionDate "2010.11.26"]
[SourceQuality "1"]

1. d4 Nf6 2. c4 e6 3. Nc3 b6 4. e4 Bb7 5. Bd3 d5 6. cxd5 exd5 7. e5 Ne4 8. Qf3 Bb4 9. Nge2 0-0 10. 0-0 f5 11. a3 Be7 12. Nf4 Qd7 13. Qh5 c6 14. Nce2 Bc8 15. f3 Ng5 16. h4 Ne6 17. Bxf5 Nxf4 18. Qxh7+ 1-0

[Event "Novosibirsk Sukharev Memorial Seniors"]
[Site "Novosibirsk"]
[Date "2010.07.18"]
[Round "1"]
[White "Stepanenko, Leonid"]
[Black "Pisarsky, Georgy"]
[Result "0-1"]
[WhiteElo "1873"]
[BlackElo "2045"]
[PlyCount "66"]
[EventDate "2010.07.18"]
[EventType "swiss"]
[EventRounds "9"]
[EventCountry "RUS"]
[SourceTitle "EXT 2011"]
[Source "ChessBase"]
[SourceDate "2010.11.26"]
[SourceVersion "1"]
[SourceVersionDate "2010.11.26"]
[SourceQuality "1"]

1. d4 Nf6 2. c4 g6 3. Nc3 c5 4. d5 Bg7 5. e4 d6 6. Nge2 Na6 7. g3 Nc7 8. Bg2 Bd7 9. 0-0 b5 10. cxb5 Nxb5 11. a4 Nc7 12. f4 Rb8 13. h3 h5 14. Ra3 Qc8 15. e5 Ng8 16. exd6 exd6 17. Ne4 Qa6 18. N2c3 Nh6 19. Re1 0-0 20. Bf1 c4 21. Nb5 Nxb5 22. axb5 Qxb5 23. Rxa7 Nf5 24. Kh2 Rfe8 25. g4 hxg4 26. hxg4 Nh6 27. Nxd6 Qb6 28. Rxe8+ Rxe8 29. Nxe8 Qf2+ 30. Kh1 Bxg4 31. Be2 Bxe2 32. Qxe2 Qxe2 33. Nxg7 Ng4 0-1

[Event "Novosibirsk Region-ch Seniors"]
[Site "Novosibirsk"]
[Date "2009.02.??"]
[Round "1"]
[White "Mitkovsky, Semen"]
[Black "Pisarsky, Georgy"]
[Result "0-1"]
[WhiteElo "1831"]
[BlackElo "2106"]
[PlyCount "64"]
[EventDate "2009.02.??"]
[EventType "swiss"]
[EventRounds "9"]
[EventCountry "RUS"]
[SourceTitle "EXT 2012"]
[Source "ChessBase"]
[SourceDate "2011.11.24"]
[SourceVersion "1"]
[SourceVersionDate "2011.11.24"]
[SourceQuality "1"]

1. c4 e5 2. e4 Nf6 3. Nc3 Nc6 4. a3 a5 5. Nf3 d6 6. h3 Be7 7. d4 exd4 8. Nxd4 0-0 9. Be3 Nd7 10. Be2 Nde5 11. 0-0 Bh4 12. f4 Nxd4 13. Bxd4 Nc6 14. Be3 f5 15. Bf3 Re8 16. Qc2 Bf6 17. Nd5 Nd4 18. Nxf6+ Qxf6 19. Bxd4 Qxd4+ 20. Kh2 fxe4 21. Rad1 Qe3 22. Bh5 g6 23. Rde1 Qc5 24. Bf3 Bf5 25. Bxe4 Rxe4 26. Rxe4 d5 27. b4 axb4 28. axb4 Qc6 29. Qc1 Bxe4 30. cxd5 Qxc1 31. Rxc1 Ra2 32. h4 Rxg2+ 0-1

[Event "Novosibirsk Region-ch Seniors"]
[Site "Novosibirsk"]
[Date "2009.02.??"]
[Round "7"]
[White "Pisarsky, Georgy"]
[Black "Gavrilov, Gennady"]
[Result "1/2-1/2"]
[WhiteElo "2106"]
[BlackElo "2089"]
[PlyCount "106"]
[EventDate "2009.02.??"]
[EventType "swiss"]
[EventRounds "9"]
[EventCountry "RUS"]
[SourceTitle "EXT 2012"]
[Source "ChessBase"]
[SourceDate "2011.11.24"]
[SourceVersion "1"]
[SourceVersionDate "2011.11.24"]
[SourceQuality "1"]

1. b4 Nf6 2. Bb2 e6 3. a3 d5 4. Nf3 c5 5. bxc5 Bxc5 6. e3 Nc6 7. Be2 0-0 8. 0-0 Re8 9. d4 Bd6 10. Ne5 Qb6 11. Qc1 Nd7 12. f4 f6 13. Nf3 Ne7 14. Nc3 a6 15. Rb1 Qc7 16. Nd1 b5 17. Bd3 Nb6 18. c3 Bd7 19. Qc2 f5 20. Ne5 Rac8 21. Qe2 Bxe5 22. fxe5 Nc4 23. Bc1 Rf8 24. Rf3 Be8 25. g4 Bg6 26. a4 bxa4 27. Bxc4 dxc4 28. Ba3 fxg4 29. Rxf8+ Rxf8 30. Rb4 Bd3 31. Qg2 Rf1+ 32. Qxf1 Bxf1 33. Kxf1 Nd5 34. Rb2 Qc6 35. e4 Nf4 36. Rb8+ Kf7 37. Rf8+ Kg6 38. Rxf4 h5 39. h3 g3 40. Kg2 Qb5 41. Rf3 h4 42. Rf4 Kh5 43. Be7 g5 44. Rg4 a3 45. Rxg5+ Kh6 46. Kf3 a2 47. Ne3 Qb8 48. Ng4+ Kh7 49. Nf6+ Kh8 50. Ng4 Qg8 51. Bf6+ Kh7 52. Rh5+ Kg6 53. Rg5+ Kh7 1/2-1/2

[Event "Novosibirsk Region-ch Seniors"]
[Site "Novosibirsk"]
[Date "2009.02.??"]
[Round "9"]
[White "Volkov, Petr"]
[Black "Pisarsky, Georgy"]
[Result "0-1"]
[WhiteElo "2024"]
[BlackElo "2106"]
[PlyCount "30"]
[EventDate "2009.02.??"]
[EventType "swiss"]
[EventRounds "9"]
[EventCountry "RUS"]
[SourceTitle "EXT 2012"]
[Source "ChessBase"]
[SourceDate "2011.11.24"]
[SourceVersion "1"]
[SourceVersionDate "2011.11.24"]
[SourceQuality "1"]

1. e4 e6 2. d4 d5 3. Nd2 Nf6 4. e5 Nfd7 5. c3 c5 6. Bb5 Qb6 7. Bxd7+ Bxd7 8. Qb3 Qa6 9. Qd1 cxd4 10. cxd4 Nc6 11. Nb3 Nb4 12. Ne2 Bb5 13. Nc3 Nd3+ 14. Kf1 Nxb2+ 15. Nxb5 Nxd1 0-1

[Event "SFR-ch Seniors"]
[Site "Novosibirsk"]
[Date "2008.10.16"]
[Round "9"]
[White "Russkikh, Mikhail"]
[Black "Pisarsky, Georgy"]
[Result "0-1"]
[WhiteElo "1914"]
[BlackElo "2080"]
[PlyCount "90"]
[EventDate "2008.10.08"]
[EventType "swiss"]
[EventRounds "9"]
[EventCountry "RUS"]
[SourceTitle "EXT 2022"]
[Source "ChessBase"]
[SourceDate "2021.10.06"]
[SourceVersion "1"]
[SourceVersionDate "2021.10.06"]
[SourceQuality "1"]

1. e4 c5 2. Nc3 Nc6 3. g3 e5 4. d3 a6 5. a4 d6 6. Bg2 Rb8 7. Nd5 Be6 8. Ne2 b5 9. 0-0 Nce7 10. Ne3 g6 11. f4 Qc8 12. Rf2 Nh6 13. Qf1 Bg7 14. h3 0-0 15. Nd5 Nxd5 16. exd5 Bd7 17. axb5 axb5 18. fxe5 dxe5 19. Kh2 Nf5 20. c4 Nd6 21. Nc3 bxc4 22. dxc4 f5 23. Bg5 Rf7 24. Rc1 Rb4 25. Nb1 Ba4 26. Na3 Rfb7 27. Rb1 Nf7 28. Be3 e4 29. Qc1 Ne5 30. Bf1 Rb3 31. Nb5 Nf3+ 32. Kg2 Be5 33. Bf4 Bxb5 34. cxb5 Bd4 35. Rc2 g5 36. Bxg5 Nxg5 37. Qxg5+ Rg7 38. Qh4 Qc7 39. g4 fxg4 40. Kh1 Rg3 41. Bc4 Qd6 42. Ra1 Ra7 43. Qg5+ Kh8 44. Qd8+ Qxd8 45. Rxa7 Rg1+ 0-1

[Event "Novosibirsk-ch Seniors op"]
[Site "Novosibirsk"]
[Date "2008.09.30"]
[Round "6"]
[White "Pisarsky, Georgy"]
[Black "Romanov, Viktor"]
[Result "1-0"]
[WhiteElo "2080"]
[BlackElo "1993"]
[PlyCount "130"]
[EventDate "2008.09.25"]
[EventType "swiss"]
[EventRounds "9"]
[EventCountry "RUS"]
[SourceTitle "EXT 2022"]
[Source "ChessBase"]
[SourceDate "2021.10.06"]
[SourceVersion "1"]
[SourceVersionDate "2021.10.06"]
[SourceQuality "1"]

1. b4 d5 2. Bb2 Bg4 3. h3 Bh5 4. g4 Bg6 5. Nf3 Qd6 6. a3 f6 7. d4 Nd7 8. Nc3 c6 9. Nh4 e5 10. e3 b5 11. Bd3 e4 12. Be2 Be7 13. Qd2 Nh6 14. a4 bxa4 15. b5 0-0 16. Ba3 Qe6 17. Bxe7 Qxe7 18. Nxg6 hxg6 19. bxc6 Nb6 20. Nxa4 Qc7 21. Qc3 Nf7 22. Ba6 Rab8 23. Kd2 Nd6 24. Qc5 Ndc4+ 25. Ke2 Rfd8 26. Nc3 Nd6 27. h4 Kh7 28. g5 Nf5 29. Rag1 Ne7 30. Bb7 Rxb7 31. cxb7 Qxb7 32. h5 f5 33. hxg6+ Kxg6 34. Ra1 Qd7 35. Qb4 f4 36. Rhg1 fxe3 37. fxe3 Nc6 38. Qb5 Qc7 39. Kd1 Nxd4 40. exd4 Qxc3 41. Rxa7 Qxd4+ 42. Ke2 Nc4 43. Qc6+ Nd6 44. Raa1 Qc4+ 45. Qxc4 Nxc4 46. Ra6+ Kf5 47. g6 Ne5 48. Rf1+ Nf3 49. Rfa1 Nd4+ 50. Kd2 Rc8 51. R1a2 Kf4 52. Ra7 Nf5 53. Ra1 Ke5 54. Rf1 Nd4 55. Rxg7 Rxc2+ 56. Kd1 Ra2 57. Re7+ Kd6 58. Rff7 Ra1+ 59. Kd2 Ra2+ 60. Kc3 Nf5 61. Rd7+ Ke6 62. Rd8 d4+ 63. Kb3 Rg2 64. Re8+ Kd6 65. Rxf5 e3 1-0

[Event "Novosibirsk-ch Seniors op"]
[Site "Novosibirsk"]
[Date "2008.09.25"]
[Round "1"]
[White "Klimov, Valery"]
[Black "Pisarsky, Georgy"]
[Result "0-1"]
[WhiteElo "1941"]
[BlackElo "2080"]
[PlyCount "124"]
[EventDate "2008.09.25"]
[EventType "swiss"]
[EventRounds "9"]
[EventCountry "RUS"]
[SourceTitle "EXT 2022"]
[Source "ChessBase"]
[SourceDate "2021.10.06"]
[SourceVersion "1"]
[SourceVersionDate "2021.10.06"]
[SourceQuality "1"]

1. e4 c5 2. Nf3 Nc6 3. d4 cxd4 4. Nxd4 Nf6 5. Nc3 e5 6. Ndb5 d6 7. Bg5 a6 8. Na3 b5 9. Nd5 Be7 10. Bxf6 gxf6 11. c3 f5 12. Bd3 Be6 13. Qf3 f4 14. Nc2 h5 15. h3 Bg5 16. a4 Kf8 17. axb5 axb5 18. Rxa8 Qxa8 19. 0-0 Qc8 20. Bxb5 Ne7 21. Nxe7 Bxe7 22. Nb4 Qc5 23. Be2 Bh4 24. Ra1 Bg4 25. hxg4 hxg4 26. Ra8+ Ke7 27. Nd5+ Qxd5 28. Ra7+ Kf6 29. exd5 gxf3 30. Bxf3 Rb8 31. b4 Rc8 32. Ra3 Kf5 33. b5 e4 34. Be2 Bf6 35. c4 Bd4 36. Ra6 Ke5 37. Kf1 Rh8 38. Ke1 Rh1+ 39. Bf1 f3 40. gxf3 exf3 41. Ra3 Ke4 42. Rb3 Bb6 43. Ra3 f5 44. Ra1 Rh2 45. Ra2 Rh1 46. Ra1 f4 47. Kd2 Kd4 48. Kc2 Kc5 49. Kc3 Bd8 50. Rb1 Rh2 51. Bd3 Rxf2 52. Rf1 Bf6+ 53. Kb3 Rb2+ 54. Ka3 f2 55. Rh1 Rd2 56. Bf1 Rd1 57. Kb3 Re1 58. Ka3 Bd8 59. Kb3 Ba5 60. Kc2 Kb4 61. Kd3 Kb3 62. Kd4 Bc3+ 0-1

[Event "Novosibirsk Sukharev Memorial Seniors"]
[Site "Novosibirsk"]
[Date "2008.07.27"]
[Round "8"]
[White "Pisarsky, Georgy"]
[Black "Boryak, Alexey"]
[Result "1-0"]
[WhiteElo "2080"]
[BlackElo "1948"]
[PlyCount "47"]
[EventDate "2008.07.20"]
[EventType "swiss"]
[EventRounds "9"]
[EventCountry "RUS"]
[SourceTitle "EXT 2022"]
[Source "ChessBase"]
[SourceDate "2021.10.06"]
[SourceVersion "1"]
[SourceVersionDate "2021.10.06"]
[SourceQuality "1"]

1. d4 d5 2. Nf3 Nf6 3. Bg5 c6 4. e3 Bf5 5. Nbd2 e6 6. Be2 Nbd7 7. 0-0 Bd6 8. c4 0-0 9. c5 Bc7 10. b4 h6 11. Bh4 a5 12. a3 e5 13. dxe5 Nxe5 14. Nd4 Bh7 15. Bg3 Ne4 16. Nxe4 dxe4 17. b5 Nd3 18. Bxd3 exd3 19. bxc6 bxc6 20. Qf3 Bxg3 21. hxg3 Rc8 22. Rac1 Qd7 23. Qd1 Rfe8 24. Qd2 1-0

[Event "Novosibirsk-ch Seniors"]
[Site "Novosibirsk"]
[Date "2008.02.10"]
[Round "8"]
[White "Pisarsky, Georgy"]
[Black "Meleshin, Valery"]
[Result "0-1"]
[WhiteElo "2080"]
[BlackElo "2073"]
[PlyCount "74"]
[EventDate "2008.02.03"]
[EventType "swiss"]
[EventRounds "9"]
[EventCountry "RUS"]
[SourceTitle "EXT 2010"]
[Source "ChessBase"]
[SourceDate "2010.11.25"]
[SourceVersion "1"]
[SourceVersionDate "2010.11.25"]
[SourceQuality "1"]

1. b4 c5 2. bxc5 e5 3. Bb2 Nc6 4. Nf3 Bxc5 5. e3 d6 6. d4 Qb6 7. Bc3 Bb4 8. Qd2 e4 9. Ng5 d5 10. a3 Bd6 11. Qe2 Nf6 12. Nd2 Qc7 13. Qb5 0-0 14. Be2 Bd7 15. Qb2 Rab8 16. h4 h6 17. Qa2 Ne7 18. Bb2 hxg5 19. hxg5 Nh7 20. c4 Nxg5 21. Rh5 f6 22. c5 Bg3 23. Nf1 Qa5+ 24. Nd2 Bxf2+ 25. Kxf2 Qxd2 26. Rd1 Qc2 27. Rc1 Qa4 28. Bd1 Qc6 29. Bb3 g6 30. Rh4 Kg7 31. a4 Rh8 32. Rch1 Rxh4 33. Rxh4 Rh8 34. Rxh8 Kxh8 35. Qb1 Qc7 36. Qh1+ Kg7 37. Bc3 Nf5 0-1

[Event "Novosibirsk-ch Seniors"]
[Site "Novosibirsk"]
[Date "2008.02.07"]
[Round "5"]
[White "Shilenko, Vladimir"]
[Black "Pisarsky, Georgy"]
[Result "0-1"]
[WhiteElo "2134"]
[BlackElo "2080"]
[PlyCount "46"]
[EventDate "2008.02.03"]
[EventType "swiss"]
[EventRounds "9"]
[EventCountry "RUS"]
[SourceTitle "EXT 2010"]
[Source "ChessBase"]
[SourceDate "2010.11.25"]
[SourceVersion "1"]
[SourceVersionDate "2010.11.25"]
[SourceQuality "1"]

1. e4 e6 2. f4 d5 3. e5 c5 4. Nf3 Nc6 5. c3 Nh6 6. Be2 Be7 7. d3 b5 8. 0-0 Qb6 9. Be3 Ng4 10. Bd2 h5 11. Ne1 Bb7 12. h3 f5 13. hxg4 hxg4 14. g3 d4 15. Ng2 0-0-0 16. Kf2 c4 17. cxd4 cxd3 18. Bxg4 fxg4 19. Qxg4 Nxd4 20. Be3 Bc5 21. Na3 Rh2 22. Rg1 Qc6 23. Rac1 Rxg2+ 0-1

[Event "SibFR-ch Seniors"]
[Site "Novosibirsk"]
[Date "2007.10.10"]
[Round "2"]
[White "Chaschin, Nikolay"]
[Black "Pisarsky, Georgy"]
[Result "1-0"]
[WhiteElo "1884"]
[BlackElo "2059"]
[PlyCount "99"]
[EventDate "2007.10.09"]
[EventType "swiss"]
[EventRounds "9"]
[EventCountry "RUS"]
[SourceTitle "EXT 2022"]
[Source "ChessBase"]
[SourceDate "2021.10.06"]
[SourceVersion "1"]
[SourceVersionDate "2021.10.06"]
[SourceQuality "1"]

1. e4 e6 2. d4 d5 3. Nc3 Nf6 4. exd5 Nxd5 5. Ne4 Be7 6. Nf3 Nc6 7. Bb5 Bd7 8. 0-0 0-0 9. a3 a6 10. Bd3 f5 11. Nc5 Nxd4 12. Nxd7 Nxf3+ 13. Qxf3 Qxd7 14. Re1 Rae8 15. Bd2 Bf6 16. c3 Kh8 17. Re2 g5 18. Bc2 c5 19. Rae1 c4 20. g3 g4 21. Qg2 Bg7 22. f4 b5 23. Rd1 Qc7 24. Be1 Kg8 25. Bf2 h5 26. Bd4 Bxd4+ 27. Rxd4 Qb6 28. Qf2 a5 29. Re5 Qc6 30. Qe2 Kg7 31. h4 Nc7 32. Qd1 Qa8 33. Rd6 Rd8 34. Rc5 Nd5 35. Qd4+ Nf6 36. Rc7+ Kg6 37. Qd1 Rxd6 38. Qxd6 Qf3 39. Qe7 Qxg3+ 40. Kf1 Qxf4+ 41. Ke1 Qh6 42. Qxe6 Qf4 43. Re7 Qc1+ 44. Bd1 Qxb2 45. Qe3 Nh7 46. Qe6+ Nf6 47. Qe3 f4 48. Qe5 Nh7 49. Qg7+ Kf5 50. Qxh7+ 1-0